| 000 | 00386nam a2200133Ia 4500 | ||
|---|---|---|---|
| 008 | 211118s9999||||xx |||||||||||||| ||und|| | ||
| 082 |
_a530.03 _bSHA-O |
||
| 100 | _aSharma, Shobhana | ||
| 245 | 0 | _aObjective Question Bank in Physics | |
| 260 |
_bKrishna Prakashan Media _aIndia _c1999 |
||
| 630 | _xReference Reading Room | ||
| 650 |
_aNatural Sceinecs _vPhysicsGeneralia |
||
| 942 | _cBOOK | ||
| 999 |
_c95316 _d95316 |
||